Dokończy tytuł Historia Bez Cenzury #1 - Statystyki

Ogólne statystyki
  • Ten quiz został rozwiązany 569 razy
  • Średni wynik to 9 z 16
Statystyki odpowiedzi
Tytuły % Poprawnych
Flaki na wierzchu - tortury w {średniowieczu}
80%
Demon seksu - {Rasputin}
78%
Zakon z kasą - {Templariusze}
78%
Ojcowie niepodległości #1: Ignacy {Paderewski}
75%
Rudy matkobójca - {Neron}
67%
Wyrolowany lis - {Erwin} {Rommel}
64%
Miłośnik falangi - {Aleksander} {Wielki}
62%
Łomot po polsku #2 - Husaria pod {Kircholmem}
59%
Jak to wszystko p... {Czarnobyl}
51%
Odcinek nie do obiadu - {syfilis}
48%
Krwawa hrabina? Elżbieta {Batory}
46%
Seksoholik, morderca, influencer - {Benito} {Mussolini}
46%
Polscy jeźdźcy apokalipsy - {Lisowczycy}
45%
Świński numer {USA} - interwencja na {Kubie}
42%
Propaganda {Donalda} - kultowe kreskówki
35%
Dziwka na tronie - {Teodora}
33%
Nie znaleziono quizów pasujących do podanych kryteriów
Rozkład punktacji
Procent ludzi z każdym wynikiem
Percentyl według liczby udzielonych odpowiedzi
Twoja historia wyników
Nie rozwiązałeś tego quizu